[Event "Tarragona Province-ch B"]
[Site "Tarragona"]
[Date "2015.10.11"]
[Round "3.9"]
[White "Torres Mo, Marceli"]
[Black "Huerta Llorens, Arnau"]
[Result "1/2-1/2"]
[WhiteElo "1793"]
[BlackElo "1863"]
[PlyCount "58"]
[EventDate "2015.09.27"]
[EventType "swiss"]
[EventRounds "9"]
[EventCountry "ESP"]
[SourceTitle "EXT 2024"]
[Source "ChessBase"]
[SourceDate "2023.10.10"]
[SourceVersion "1"]
[SourceVersionDate "2023.10.10"]
[SourceQuality "1"]

1. d4 d5 2. Nf3 e6 3. Bf4 c5 4. e3 c4 5. c3 Nd7 6. Nbd2 Ngf6 7. Be2 Be7 8. Qc2 0-0 9. e4 dxe4 10. Nxe4 Nxe4 11. Qxe4 Nf6 12. Qc2 b5 13. 0-0 Bb7 14. Bg5 h6 15. Bxf6 Bxf6 16. Rad1 Qc7 17. Ne1 Rad8 18. Bf3 Rfe8 19. Bxb7 Qxb7 20. Nf3 Qc7 21. Rfe1 Rd5 22. Re4 Red8 23. Qe2 Qd6 24. Re1 g6 25. g3 h5 26. h4 Rd7 27. Kg2 Rd8 28. Kg1 Rd7 29. Kg2 Rd8 1/2-1/2